Právní úprava licencí.
Legislatívne úpravy Obchodného zákonníka týkajúce sa licenčných zmlúv k predmetom priemyselného vlastníctva. Devízová oblasť súvisiaca s licenčnými zmluvami. Vynálezy a priemyselné vzory. Ochranné známky a ochrana označenia pôvodu výrobku.
Gespeichert in:
| 1. Verfasser: | |
|---|---|
| Format: | Buchkapitel |
| Sprache: | Tschechisch |
| Schlagworte: | |
| Tags: |
Keine Tags, Fügen Sie das erste Tag hinzu!
|
MARC
| LEADER | 00000naa a2200000 4500 | ||
|---|---|---|---|
| 001 | r012394 | ||
| 005 | 20220826093518.0 | ||
| 041 | 0 | |a cze | |
| 044 | |a CZ | ||
| 245 | 1 | 0 | |a Právní úprava licencí. |c I. Šroněk |
| 520 | |a Legislatívne úpravy Obchodného zákonníka týkajúce sa licenčných zmlúv k predmetom priemyselného vlastníctva. Devízová oblasť súvisiaca s licenčnými zmluvami. Vynálezy a priemyselné vzory. Ochranné známky a ochrana označenia pôvodu výrobku. | ||
| 610 | 2 | 0 | |a licencie |
| 610 | 2 | 0 | |a zmluvy licenčné |
| 610 | 2 | 0 | |a zákonník obchodný |
| 610 | 2 | 0 | |a devízy |
| 610 | 2 | 0 | |a vynálezy |
| 610 | 2 | 0 | |a vzory priemyselné |
| 610 | 2 | 0 | |a známky ochranné |
| 610 | 2 | 0 | |a právo priemyselné |
| 610 | 2 | 0 | |a Čechy |
| 100 | 1 | |a Šroněk, I. | |